000 00343nam a2200157Ia 4500
005 20240807062420.0
008 240806s9999||||xx |||||||||||||| ||eng||
041 _aeng
082 _a891.433
_bSHANC
100 _aShankar
245 0 _aChaurangi /
_cShankar
260 _bRajkamal Prakashan
300 _a0
650 _aHindi
942 _cBK
999 _c18294
_d18294